000 00249nam a2200109Ia 4500
008 240625s9999 xx 000 0 und d
041 _aeng
082 _a658.8 ELL
100 _aELLIS NICK
245 _aBUSINESS TO BUSINESS MARKETING
260 _c2015
999 _c38698
_d38698